European integration in the era of the European Union's enlargement and the development of Tourism : Malta 22-23 May 2003 = L'integration europeenne a l'ere de l'elargissement de l'Union europeene et le developpement du tourisme : Malte 22-23 Mai 2003
Αποθηκεύτηκε σε:
| Συλλογικό Έργο: | , |
|---|---|
| Μορφή: | Βιβλίο |
| Γλώσσα: | English French |
| Δημοσίευση: |
[Paris] :
World Tourism Organization,
c2004.
|
| Σειρά: | World Tourism Organization seminar proceedings
|
| Θέματα: | |
| Ετικέτες: |
Προσθήκη ετικέτας
Δεν υπάρχουν, Καταχωρήστε ετικέτα πρώτοι!
|
MARC
| LEADER | 00000cam a2200000 i 4500 | ||
|---|---|---|---|
| 001 | 1/64346 | ||
| 008 | 041029s2004####fr | | ||| |||| ||eng|| | ||
| 020 | |a 9284406587 | ||
| 035 | |l 10074989 | ||
| 040 | |a GR-MY-UA |b gre |e aacr | ||
| 041 | 0 | |a eng |h fre | |
| 082 | 0 | |a 338.47914 | |
| 110 | 2 | |a European integration in the era of the European Union's enlargement and the development of tourism. | |
| 245 | 1 | 0 | |a European integration in the era of the European Union's enlargement and the development of Tourism : |b Malta 22-23 May 2003 = L'integration europeenne a l'ere de l'elargissement de l'Union europeene et le developpement du tourisme : Malte 22-23 Mai 2003 / |c World Tourism Organization. |
| 246 | 1 | |i Παράλληλος τίτλος: |a L' integration europeenne a l'ere de l'elargissement de l'Union europeenne et le developpement du tourisme : |b Malte 22-23 Mai 2003 | |
| 260 | |a [Paris] : |b World Tourism Organization, |c c2004. | ||
| 300 | |a iv, 127 σ. : |b διαγρ. ; |c 29 εκ. | ||
| 490 | 1 | |a World Tourism Organization seminar proceedings | |
| 650 | 0 | 0 | |a Tourism |z European Union countries. |
| 650 | 0 | 0 | |a European cooperation. |
| 710 | 2 | |a World Tourism Organization. | |
| 830 | 0 | |a World Tourism Organization seminar proceedings | |
| 852 | |a INST |b CHIOS |e 20041029 |h 338.47914 EUR |p 005200023059 |q 005200023059 |t BK |y 0 | ||
| 901 | |a BIBL2-2004-3 | ||
| 909 | |a Χ |b 109037 | ||
| 970 | |a Σαλαμούρα |b Μαρία |z 2004/10/29 | ||